000 00661nam a2200229 a 4500
001 28794
003 BD-RjUL
005 20211209051329.0
008 140401r19601922nju 001 0 eng
035 _a(BD-RjUL)28876
040 _aDLC
_cLNL
_dBD-RjUL
_beng
041 _aeng
082 _a190
_bMOP 1960
_223
100 1 _aMoore, G. E.
_93470
245 1 0 _aPhilosophical studies /
_cG. E. Moore
260 _aLondon :
_bRoutledge,
_c1922 [Reprint 1960].
300 _a342 p.
_c21 cm.
490 0 _aInternational library of psychology, philosophy, and scientific method
504 _aIncludes Index.
650 0 _aPhilosophy, Modern.
_988051
942 _2ddc
_cBK
999 _c28794
_d28794